[Event "ICS rated standard match"]
[Site "204.178.125.65"]
[Date "2000.09.25"]
[Round "?"]
[White "charmandar"]
[Black "Hossa"]
[Result "1/2-1/2"]
[WhiteElo "2290"]
[BlackElo "2365"]
[PlyCount "136"]
[EventDate "2000.??.??"]

1. Nf3 d5 2. g3 Nf6 3. Bg2 c6 4. O-O Bg4 5. d3 Nbd7 6. Nbd2 e5 7. b3 Bd6 8. Bb2
Qe7 9. h3 Be6 10. e4 O-O 11. Ng5 Ba3 12. Bxa3 Qxa3 13. Nxe6 fxe6 14. Qc1 Qb4
15. c3 Qb5 16. c4 Qc5 17. a3 Rf7 18. Qc3 Nh5 19. b4 Nxg3 20. Rae1 Nxe4 21. dxe4
Qd6 22. exd5 exd5 23. cxd5 cxd5 24. Qb3 Nb6 25. a4 Rd8 26. a5 Nc8 27. Rd1 Ne7
28. Ne4 Qd7 29. Nd6 Qxd6 30. Rfe1 a6 31. Qc3 d4 32. Qc5 Ng6 33. Qxd6 Rxd6 34.
Rc1 d3 35. Red1 Nf4 36. Rc8+ Rf8 37. Rxf8+ Kxf8 38. Bxb7 Nxh3+ 39. Kf1 Rg6 40.
Ke1 e4 41. b5 Rg1+ 42. Kd2 Rg2 43. Bxe4 Rxf2+ 44. Kxd3 Rf6 45. Ke3 Nf2 46. Rd8+
Ke7 47. Rd4 Nxe4 48. Rxe4+ Kd7 49. b6 Rf5 50. Rc4 Kd6 51. Rc7 Re5+ 52. Kd4 Rd5+
53. Kc4 g5 54. Rxh7 Rxa5 55. Rg7 Rc5+ 56. Kd4 Rb5 57. b7 Rb4+ 58. Kc3 Rb1 59.
Rxg5 Kc6 60. Rg7 Rb5 61. Kc4 Rb2 62. Kc3 Rxb7 63. Rxb7 Kxb7 64. Kb4 Kc7 65. Ka5
Kb7 66. Ka4 Kc7 67. Ka5 Kb7 68. Ka4 Kc7 {Game drawn by mutual agreement}
1/2-1/2

[Event "ICS rated standard match"]
[Site "204.178.125.65"]
[Date "2000.09.25"]
[Round "?"]
[White "Hossa"]
[Black "Interceptor"]
[Result "1/2-1/2"]
[WhiteElo "2362"]
[BlackElo "2559"]
[PlyCount "103"]
[EventDate "2000.??.??"]

1. e4 c6 2. d4 d5 3. exd5 cxd5 4. c4 Nf6 5. Nc3 g6 6. cxd5 Nxd5 7. Bc4 Nb6 8.
Bb3 Bg7 9. Nf3 Nc6 10. Be3 O-O 11. O-O Na5 12. Bc2 Bg4 13. h3 Be6 14. Be4 f5
15. Bc2 Rc8 16. Re1 Bf7 17. Bg5 Nc6 18. Bb3 h6 19. d5 Bxc3 20. bxc3 Nxd5 21.
Bxh6 Re8 22. Ng5 e6 23. Rxe6 Rxe6 24. Nxf7 Kxf7 25. Bxd5 Qd7 26. Qb3 Na5 27.
Bxe6+ Qxe6 28. Qb4 b6 29. Qd4 Rg8 30. Bg5 Nc6 31. Qh4 Kg7 32. Rd1 Re8 33. Qh6+
Kg8 34. Bf4 Rd8 35. Bd2 Ne5 36. Re1 Rd3 37. Kh1 b5 38. Kg1 a5 39. Kh1 Qd6 40.
Re2 Qf6 41. Bf4 Rd1+ 42. Kh2 Rd5 43. a3 Qe6 44. Re3 Qf6 45. g3 Qb6 46. a4 bxa4
47. c4 Qb2 48. cxd5 Qxf2+ 49. Kh1 Qf1+ 50. Kh2 Qf2+ 51. Kh1 Qf1+ 52. Kh2 {
Game drawn by mutual agreement} 1/2-1/2

[Event "ICS rated blitz match"]
[Site "204.178.125.65"]
[Date "2000.09.25"]
[Round "?"]
[White "Hossa"]
[Black "Tinker"]
[Result "1-0"]
[WhiteElo "2572"]
[BlackElo "2406"]
[PlyCount "97"]
[EventDate "2000.??.??"]

1. e4 e5 2. Nf3 Nc6 3. Bc4 d6 4. d4 Nxd4 5. Nxd4 exd4 6. Qxd4 Ne7 7. O-O Nc6 8.
Qc3 Ne5 9. Bb3 c6 10. Qd4 Bd7 11. f4 Ng4 12. h3 Nh6 13. Bd2 c5 14. Qd3 Be7 15.
Nc3 a5 16. f5 a4 17. Bd5 Bf6 18. Bxh6 gxh6 19. Qc4 O-O 20. Rab1 Rb8 21. Rf4
Bd4+ 22. Kh1 Qf6 23. Nb5 Be5 24. Rf3 Ra8 25. Qe2 Kh8 26. c4 Rfb8 27. Nc7 Ra7
28. Rd3 b6 29. Nb5 Bxb5 30. cxb5 Rg8 31. Qc2 Qg5 32. Rf1 Bd4 33. g3 Qg7 34. f6
Bxf6 35. Rdf3 Bxb2 36. Rxf7 Rxf7 37. Rxf7 Qc3 38. Qf2 Qxg3 39. Qxg3 Rxg3 40.
Rf8+ Kg7 41. Rg8+ Kf6 42. Rxg3 Ke5 43. Rg7 c4 44. Bxc4 Kxe4 45. Rxh7 Bc1 46.
Ra7 d5 47. Rxa4 Be3 48. Be2+ Ke5 49. Ra7 {Tinker resigns} 1-0

[Event "ICS rated blitz match"]
[Site "204.178.125.65"]
[Date "2000.09.25"]
[Round "?"]
[White "HangerOn"]
[Black "Hossa"]
[Result "1-0"]
[WhiteElo "2889"]
[BlackElo "2597"]
[PlyCount "71"]
[EventDate "2000.??.??"]

1. e4 e5 2. Nf3 Nc6 3. Bb5 a6 4. Bxc6 dxc6 5. O-O f6 6. d4 Bg4 7. c3 Bd6 8. Be3
Ne7 9. Nbd2 exd4 10. cxd4 a5 11. Qb3 a4 12. Qxb7 Rb8 13. Qa6 Rxb2 14. e5 fxe5
15. dxe5 Bb4 16. Nc4 Rc2 17. Rfb1 Bc3 18. Rd1 Qb8 19. Qxa4 Re2 20. Rab1 Qc8 21.
Rb3 Rc2 22. Na3 Rxa2 23. Rxc3 O-O 24. Bc5 Rf7 25. Rcd3 Nd5 26. Qxc6 Bxf3 27.
gxf3 h5 28. Qxd5 Rxa3 29. e6 Rf5 30. Qxf5 Rxd3 31. Rxd3 Qe8 32. e7 g6 33. Qf8+
Kh7 34. Bd4 Qxf8 35. exf8=Q h4 36. Qh8# {Hossa checkmated} 1-0

[Event "ICS rated blitz match"]
[Site "204.178.125.65"]
[Date "2000.09.25"]
[Round "?"]
[White "Hossa"]
[Black "HangerOn"]
[Result "0-1"]
[WhiteElo "2592"]
[BlackElo "2894"]
[PlyCount "112"]
[EventDate "2000.??.??"]

1. e4 e5 2. Bc4 Nf6 3. d3 c6 4. Bb3 d5 5. Nf3 Bd6 6. Nc3 dxe4 7. Nxe4 Nxe4 8.
dxe4 Bg4 9. h3 Bh5 10. Bg5 f6 11. Be3 Na6 12. c3 Bc5 13. Qe2 Bxe3 14. Qxe3 Qb6
15. Qxb6 axb6 16. Nd2 Nc5 17. Bc2 O-O 18. f3 Rfd8 19. a3 Rd7 20. Nc4 Rad8 21.
b4 b5 22. Nb6 Rd2 23. Rc1 Rxg2 24. bxc5 Bxf3 25. Rd1 Bxd1 26. Bxd1 Rd3 27. c4
Re3+ 28. Kf1 Rd2 29. Bg4 Rxa3 30. Ke1 Rda2 31. Rf1 Re3+ 32. Kd1 Rxe4 33. Rf3 b4
34. Be6+ Kf8 35. Rd3 Rd4 36. Rxd4 exd4 37. Bf5 b3 38. Kc1 g6 39. Bc8 d3 40. Bg4
Ra1+ 41. Kb2 h5 42. Bf3 Rf1 43. Kxb3 Rxf3 44. h4 g5 45. Nd7+ Ke8 46. hxg5 Kxd7
47. g6 Ke6 48. Kc3 h4 49. Kd2 h3 50. Kc3 d2+ 51. Kxd2 h2 52. g7 Kf7 53. Ke2
h1=Q 54. g8=R Kxg8 55. Kd2 Qg2+ 56. Kc1 Rf1# {Hossa checkmated} 0-1

[Event "ICS rated blitz match"]
[Site "204.178.125.65"]
[Date "2000.09.25"]
[Round "?"]
[White "HangerOn"]
[Black "Hossa"]
[Result "1-0"]
[WhiteElo "2899"]
[BlackElo "2587"]
[PlyCount "149"]
[EventDate "2000.??.??"]

1. e4 e5 2. Nf3 Nc6 3. Bb5 a6 4. Ba4 Nf6 5. O-O Be7 6. Re1 b5 7. Bb3 d6 8. c3
O-O 9. h3 Bb7 10. d4 Re8 11. Nbd2 Bf8 12. a3 h6 13. Bc2 Nb8 14. b4 Nbd7 15. Bb2
g6 16. c4 exd4 17. cxb5 axb5 18. Nxd4 c6 19. N2b3 Qb6 20. Na5 c5 21. Nxb7 Qxb7
22. Nb3 c4 23. Na5 Qc7 24. Re3 Bg7 25. a4 bxa4 26. Bxa4 Rxe4 27. Rxe4 Nxe4 28.
Bxg7 Kxg7 29. Qd5 Re8 30. Bxd7 Nf6 31. Qxc4 Qxd7 32. Nc6 Qf5 33. b5 d5 34. Qf1
Qc2 35. Rc1 Qb2 36. Rd1 Kg8 37. Rb1 Qc2 38. Re1 Ne4 39. Qe2 Qb3 40. Qf1 Qc2 41.
Re3 f5 42. Re1 Qc3 43. Re3 Qc2 44. Qe2 Qb1+ 45. Kh2 f4 46. Qd3 Qxd3 47. Rxd3
Nxf2 48. Rd2 Ne4 49. Rxd5 Ng3 50. Rd8 Rxd8 51. Nxd8 Ne4 52. b6 Nf6 53. b7 Nd7
54. Nc6 Kf8 55. Ne5 Nb8 56. Nxg6+ Ke8 57. Nxf4 Kd7 58. Kg3 Kc7 59. Kg4 Kxb7 60.
Kh5 Nc6 61. Kxh6 Kc7 62. h4 Kd6 63. h5 Ke5 64. Kg5 Nd8 65. h6 Ke4 66. h7 Nf7+
67. Kf6 Ne5 68. h8=Q Nd7+ 69. Kg5 Nb6 70. Qd8 Nd7 71. Qxd7 Ke3 72. Qd3+ Kf2 73.
Qf3+ Kg1 74. Ne2+ Kh1 75. Qh3# {Hossa checkmated} 1-0

[Event "ICS rated standard match"]
[Site "204.178.125.65"]
[Date "2000.09.25"]
[Round "?"]
[White "HangerOn"]
[Black "Hossa"]
[Result "1-0"]
[WhiteElo "2673"]
[BlackElo "2370"]
[PlyCount "141"]
[EventDate "2000.??.??"]

1. e4 e5 2. Nf3 Nc6 3. Bc4 Nf6 4. Ng5 d5 5. exd5 Na5 6. Bb5+ c6 7. dxc6 bxc6 8.
Be2 h6 9. Nf3 e4 10. Ne5 Bd6 11. f4 exf3 12. Nxf3 O-O 13. O-O Re8 14. Nc3 Bg4
15. d4 Qc7 16. h3 Be6 17. Bd3 Bg3 18. b3 Nb7 19. Ne2 Bd6 20. c4 Rad8 21. c5
Nxc5 22. dxc5 Bxc5+ 23. Kh1 Bf5 24. Bf4 Qb7 25. Nc1 Bxd3 26. Nxd3 Qb5 27. Nfe5
Bd4 28. a4 Qb7 29. Qc2 Bxa1 30. Rxa1 Rd5 31. Rf1 c5 32. Kg1 Ne4 33. Re1 Nd6 34.
Qc3 Qc8 35. Bg3 a6 36. Bf2 Qf5 37. g4 Qg5 38. Bxc5 Nc8 39. Bd4 Qd8 40. Nb4 Rxd4
41. Nbc6 Rxg4+ 42. hxg4 Qb6+ 43. Kg2 Qb7 44. Qf3 Re6 45. Rd1 Nd6 46. Nd8 Qxf3+
47. Kxf3 Rf6+ 48. Ke3 h5 49. Nd7 Rg6 50. gxh5 Rh6 51. Rd5 Ne8 52. Re5 Nf6 53.
Nxf6+ Rxf6 54. b4 g6 55. hxg6 Rxg6 56. b5 axb5 57. axb5 Rd6 58. Nc6 Kg7 59. Re7
Kf6 60. Rc7 Re6+ 61. Kd4 Kg7 62. b6 Re2 63. b7 Rb2 64. b8=Q Rf2 65. Rc8 Rd2+
66. Ke3 Rd1 67. Rg8+ Kh7 68. Qg3 Re1+ 69. Kf2 Rg1 70. Qxg1 f5 71. Qg7# {
Hossa checkmated} 1-0

[Event "ICS rated blitz match"]
[Site "204.178.125.65"]
[Date "2000.09.25"]
[Round "?"]
[White "Hossa"]
[Black "counterplay"]
[Result "0-1"]
[WhiteElo "2578"]
[BlackElo "2826"]
[PlyCount "112"]
[EventDate "2000.??.??"]

1. e4 c5 2. Nf3 Nc6 3. Bb5 g6 4. O-O Bg7 5. Re1 e5 6. Bxc6 dxc6 7. d3 Qe7 8.
Nbd2 Nf6 9. Nc4 Nd7 10. Bd2 b5 11. Na5 Qd6 12. Be3 O-O 13. Qc1 Rd8 14. Bg5 Re8
15. Bh6 Bxh6 16. Qxh6 Nf6 17. h3 Ba6 18. Rad1 Rad8 19. Rd2 Bc8 20. Red1 Qc7 21.
Nb3 c4 22. Nc1 cxd3 23. cxd3 c5 24. Ng5 a5 25. Nb3 a4 26. Nc1 Rd6 27. Ne2 Bb7
28. b3 axb3 29. axb3 Qa5 30. Ng3 Red8 31. Nf3 Qc3 32. Ne2 Qxb3 33. Nxe5 c4 34.
Nc1 Qa4 35. Re1 Qb4 36. Na2 Qc5 37. Ng4 Nxg4 38. hxg4 c3 39. Rdd1 c2 40. Rd2
Rxd3 41. Rde2 Rd1 42. Kh2 Qc7+ 43. e5 Qa5 44. Nc1 Rxe1 45. Nb3 Qb6 46. Rd2 Rc8
47. Qg5 Rb1 48. Qe7 Rxb3 49. e6 Qxe6 50. Qxe6 fxe6 51. Rxc2 Rxc2 52. Kg1 g5 53.
f3 Bxf3 54. Kh1 Rb1+ 55. Kh2 Rxg2+ 56. Kh3 Rh1# {Hossa checkmated} 0-1

[Event "ICS rated blitz match"]
[Site "204.178.125.65"]
[Date "2000.09.25"]
[Round "?"]
[White "Interceptor"]
[Black "Hossa"]
[Result "1-0"]
[WhiteElo "2722"]
[BlackElo "2572"]
[PlyCount "113"]
[EventDate "2000.??.??"]

1. Nf3 d5 2. d4 c6 3. c4 dxc4 4. e3 b5 5. a4 e6 6. axb5 cxb5 7. b3 Bb4+ 8. Bd2
Bxd2+ 9. Nbxd2 Nf6 10. bxc4 bxc4 11. Bxc4 O-O 12. O-O a5 13. Ne5 Ra7 14. Qb3
Bd7 15. Rfc1 a4 16. Qa3 Nd5 17. e4 Nb6 18. Bd3 f6 19. Nxd7 Rxd7 20. Nf3 Qe7 21.
Qb2 Rb7 22. Rab1 Rd8 23. Rc5 Qf7 24. Qa2 Qe7 25. Qc2 Kh8 26. Be2 a3 27. h3 Ra7
28. Qa2 Na4 29. Rc2 Na6 30. Qb3 Nb2 31. Ra1 Nb4 32. Rcc1 f5 33. exf5 exf5 34.
Ne5 Nd5 35. Nc6 Nf4 36. Bf1 Qc7 37. Nxd8 Qxd8 38. Qb6 Rd7 39. Qxd8+ Rxd8 40.
Rxa3 g5 41. Rb3 Rxd4 42. Rxb2 Kg7 43. Rb7+ Kh6 44. Rc6+ Ng6 45. Rcc7 Nf8 46.
Rf7 Rd8 47. Rxf5 Ng6 48. Rbb5 Rd1 49. Rxg5 Nf4 50. Rg8 Rc1 51. g4 Nd5 52. g5+
Kh5 53. Rxd5 Rxf1+ 54. Kxf1 Kh4 55. Rd4+ Kh5 56. Rd6 h6 57. Rxh6# {
Hossa checkmated} 1-0

[Event "ICS rated blitz match"]
[Site "204.178.125.65"]
[Date "2000.09.25"]
[Round "?"]
[White "PostModernist"]
[Black "Hossa"]
[Result "1-0"]
[WhiteElo "2730"]
[BlackElo "2563"]
[PlyCount "115"]
[EventDate "2000.??.??"]

1. d4 Nf6 2. c4 e6 3. Nf3 d5 4. Bg5 Be7 5. Nc3 O-O 6. e3 h6 7. Bh4 Ne4 8. Bxe7
Qxe7 9. Qc2 Nxc3 10. Qxc3 Nc6 11. Bd3 Qb4 12. Rc1 Qxc3+ 13. Rxc3 Nb4 14. Bb1
Bd7 15. a3 Nc6 16. b4 dxc4 17. Rxc4 a6 18. Be4 g6 19. h4 Kg7 20. h5 gxh5 21.
Rc5 f6 22. Rcxh5 Rh8 23. g4 Raf8 24. Nh4 Re8 25. Ng6 Rh7 26. Ne5 Nxe5 27. dxe5
f5 28. Bxb7 fxg4 29. R1h4 g3 30. fxg3 Rhh8 31. Rc4 Bb5 32. Rxc7+ Kg6 33. Rh2
Kf5 34. a4 Bxa4 35. Rh5+ Kg6 36. g4 Bc2 37. Rxc2 Re7 38. Bxa6 Ra7 39. Bc4 Ra1+
40. Ke2 Kf7 41. Rf5+ Ke7 42. Rf6 Rh1 43. Rxe6+ Kf8 44. Bb3 Rh2+ 45. Kf3 Rxc2
46. Bxc2 h5 47. g5 Kf7 48. Rb6 Rd8 49. g6+ Kg7 50. Rb7+ Kh6 51. Kf4 Rf8+ 52.
Bf5 Rh8 53. Rf7 h4 54. e6 h3 55. e7 Kh5 56. Rh7+ Rxh7 57. gxh7 Kh4 58. h8=Q# {
Hossa checkmated} 1-0

[Event "ICS rated blitz match"]
[Site "204.178.125.65"]
[Date "2000.09.25"]
[Round "?"]
[White "Hossa"]
[Black "harimau"]
[Result "1/2-1/2"]
[WhiteElo "2554"]
[BlackElo "2697"]
[PlyCount "120"]
[EventDate "2000.??.??"]

1. e4 e6 2. d4 d5 3. Nc3 Nf6 4. e5 Ne4 5. Nxe4 dxe4 6. Be3 c5 7. c3 cxd4 8.
Qxd4 Qxd4 9. Bxd4 Nc6 10. O-O-O Nxd4 11. Rxd4 Bc5 12. Rxe4 Bxf2 13. Bb5+ Bd7
14. Bxd7+ Kxd7 15. Nh3 Bb6 16. Rg4 Rhg8 17. Ng5 Be3+ 18. Kc2 f5 19. Rg3 Bf4 20.
Rd3+ Ke7 21. Nf3 Rgd8 22. Rhd1 Rxd3 23. Rxd3 Rc8 24. b3 Rc5 25. g3 Bh6 26. Rd4
g5 27. b4 Rc7 28. Rd6 Rd7 29. Rxd7+ Kxd7 30. Kd3 g4 31. Nd2 Kc6 32. c4 b5 33.
Nb3 bxc4+ 34. Kxc4 f4 35. Nd4+ Kd7 36. Nb3 f3 37. Nc5+ Kc6 38. Kd3 Bg7 39. Nxe6
Bxe5 40. a4 h5 41. Nf4 Bxf4 42. b5+ Kd5 43. gxf4 h4 44. Ke3 h3 45. Kf2 Kd4 46.
a5 g3+ 47. Kxg3 Ke3 48. b6 axb6 49. axb6 f2 50. b7 f1=Q 51. b8=Q Qg2+ 52. Kh4
Qxh2 53. Qe5+ Kf3 54. Qd5+ Ke3 55. Qe6+ Kf3 56. Qg4+ Ke4 57. f5+ Ke5 58. Qxh3
Qf4+ 59. Kh5 Qxf5+ 60. Qxf5+ Kxf5 {
Game drawn because neither player has mating material} 1/2-1/2

[Event "ICS rated blitz match"]
[Site "204.178.125.65"]
[Date "2000.09.25"]
[Round "?"]
[White "Hossa"]
[Black "cxs"]
[Result "1-0"]
[WhiteElo "2560"]
[BlackElo "1995"]
[PlyCount "43"]
[EventDate "2000.??.??"]

1. e4 c5 2. Nf3 Nc6 3. d4 cxd4 4. Nxd4 e5 5. Nb5 d6 6. N1c3 Be6 7. Nd5 Bxd5 8.
exd5 Nb8 9. Bd3 a6 10. Nc3 Qd7 11. O-O f5 12. Qf3 g6 13. Bg5 Bg7 14. Qe3 Nf6
15. Qb6 O-O 16. a3 Qd8 17. Qxb7 Nbd7 18. Be3 Rb8 19. Qxa6 Nc5 20. Bxc5 dxc5 21.
Rab1 Nxd5 22. Bc4 {cxs resigns} 1-0

[Event "ICS rated blitz match"]
[Site "204.178.125.65"]
[Date "2000.09.25"]
[Round "?"]
[White "cxs"]
[Black "Hossa"]
[Result "0-1"]
[WhiteElo "1994"]
[BlackElo "2561"]
[PlyCount "82"]
[EventDate "2000.??.??"]

1. Nf3 Nf6 2. d4 g6 3. Nbd2 d5 4. e3 Bf5 5. c3 Bh6 6. Be2 O-O 7. h3 Bg7 8. Qb3
b6 9. O-O c5 10. Ne5 Qc7 11. Ndf3 e6 12. a4 Nfd7 13. Nxd7 Nxd7 14. dxc5 Nxc5
15. Qd1 Be4 16. b4 Bxc3 17. bxc5 Bxa1 18. cxb6 axb6 19. Ba3 Bxf3 20. Bxf3 Be5
21. Bxf8 Rxf8 22. Qb3 Rc8 23. Rb1 Qc5 24. g3 Rb8 25. Kg2 Bf6 26. Be2 d4 27.
exd4 Bxd4 28. Qf3 Qc2 29. Rd1 Qxa4 30. Qe4 e5 31. f4 Re8 32. fxe5 Rxe5 33. Qd3
b5 34. Bf3 Bb6 35. Qd6 Re6 36. Qb8+ Kg7 37. Rd2 Be3 38. Re2 Qa1 39. h4 Qg1+ 40.
Kh3 Qf1+ 41. Kg4 f5# {cxs checkmated} 0-1

[Event "ICS rated blitz match"]
[Site "204.178.125.65"]
[Date "2000.09.25"]
[Round "?"]
[White "Hossa"]
[Black "cxs"]
[Result "1-0"]
[WhiteElo "2562"]
[BlackElo "1993"]
[PlyCount "129"]
[EventDate "2000.??.??"]

1. e4 e5 2. Bc4 Nf6 3. d3 Bc5 4. Nc3 O-O 5. Nf3 d6 6. Na4 Bb4+ 7. c3 Ba5 8. b4
Bb6 9. O-O Bg4 10. Nxb6 axb6 11. Bb3 Nc6 12. Bg5 h6 13. Be3 Ne7 14. a4 Ng6 15.
h3 Be6 16. Bc2 Nf4 17. Bxf4 exf4 18. Qd2 Nh5 19. Bd1 g5 20. Nd4 Ng7 21. Re1 Qd7
22. h4 f6 23. Nxe6 Qxe6 24. Rb1 Kh8 25. d4 Rae8 26. hxg5 fxg5 27. Qd3 Re7 28.
c4 Ne8 29. c5 Qf6 30. cxb6 cxb6 31. Rc1 g4 32. Bxg4 Rg7 33. Qh3 Qg5 34. Bf3 Nf6
35. e5 dxe5 36. Rxe5 Qg6 37. Qh4 Nd7 38. Rh5 Rh7 39. Rd1 Qf6 40. Be4 Qxh4 41.
Rxh4 Re7 42. Rxh6+ Kg7 43. Rh7+ Kf6 44. Rxe7 Kxe7 45. Bxb7 Nf6 46. a5 bxa5 47.
bxa5 Kd6 48. Rc1 Rf7 49. Rc6+ Kd7 50. a6 Re7 51. Rxf6 Re1+ 52. Kh2 Ra1 53. Rxf4
Kd6 54. Kg3 Kc7 55. Rf7+ Kb6 56. Kf4 Ra2 57. Ke5 Ra5+ 58. d5 Ra2 59. d6 Re2+
60. Be4 Kxa6 61. d7 Rd2 62. Rf6+ Ka7 63. Rd6 Rxf2 64. d8=Q Rf5+ 65. Bxf5 {
cxs resigns} 1-0

[Event "ICS rated blitz match"]
[Site "204.178.125.65"]
[Date "2000.09.25"]
[Round "?"]
[White "Athlon900"]
[Black "Hossa"]
[Result "1-0"]
[WhiteElo "2701"]
[BlackElo "2563"]
[PlyCount "147"]
[EventDate "2000.??.??"]

1. e4 c5 2. Nf3 d6 3. d4 cxd4 4. Qxd4 Bd7 5. Bc4 Nc6 6. Qd3 Nf6 7. O-O e6 8.
Rd1 Be7 9. Bg5 Qb6 10. Nc3 Ng4 11. Qe2 a6 12. Bxe7 Nxe7 13. Qd2 Rd8 14. Bb3 O-O
15. h3 Ne5 16. Qxd6 Nxf3+ 17. gxf3 Nc6 18. Rac1 Qa5 19. Qg3 Qh5 20. f4 g6 21.
Rd3 Nb4 22. Rd6 Bc8 23. Rcd1 Rxd6 24. Rxd6 Nc6 25. Qg4 Qxg4+ 26. hxg4 Na5 27.
g5 Kg7 28. Kg2 Nxb3 29. axb3 f5 30. Kf3 fxe4+ 31. Nxe4 h5 32. gxh6+ Kxh6 33.
Kg3 Rf7 34. c3 Bd7 35. Nc5 Bc8 36. Nxe6 Rf6 37. Ng5 Kg7 38. Ne4 Re6 39. f3 b6
40. Rd8 Rc6 41. b4 Bf5 42. Ra8 Bc8 43. Ra7+ Kg8 44. Kh4 Kf8 45. Kg5 b5 46. Ng3
Rd6 47. Rh7 Be6 48. Rh6 Rd5+ 49. Kxg6 Rd3 50. Nf5 Rxf3 51. Rh8+ Bg8 52. Nh6
Rxf4 53. Rxg8+ Ke7 54. Rg7+ Ke8 55. Nf5 Rf2 56. Nd6+ Kd8 57. Ra7 Rg2+ 58. Kf5
Rxb2 59. Rxa6 Rh2 60. Ke4 Rh5 61. Ra5 Rh4+ 62. Kd5 Kc7 63. Ra7+ Kb8 64. Rb7+
Ka8 65. Kc6 Rh8 66. Nxb5 Rh6+ 67. Nd6 Re6 68. Rd7 Rh6 69. Rd8+ Ka7 70. b5 Rxd6+
71. Rxd6 Kb8 72. Rd8+ Ka7 73. b6+ Ka6 74. Ra8# {Hossa checkmated} 1-0

[Event "ICS rated blitz match"]
[Site "204.178.125.65"]
[Date "2000.09.25"]
[Round "?"]
[White "Hossa"]
[Black "QueenMaxima"]
[Result "1-0"]
[WhiteElo "2553"]
[BlackElo "2511"]
[PlyCount "155"]
[EventDate "2000.??.??"]

1. e4 c5 2. Nf3 e6 3. Nc3 a6 4. d4 cxd4 5. Nxd4 Bb4 6. Bd2 Nf6 7. e5 Bxc3 8.
bxc3 Nd5 9. Qg4 Kf8 10. c4 Ne7 11. Bb4 Nbc6 12. Nxc6 bxc6 13. c3 Rb8 14. Be2 a5
15. Bd6 Rb2 16. Ba3 h5 17. Qg5 Rb8 18. Bxh5 Ba6 19. Be2 Rh6 20. O-O Rg6 21. Qf4
Rh6 22. Rab1 Ke8 23. Bxe7 Kxe7 24. Qd4 Ke8 25. Rfd1 Rxb1 26. Rxb1 Rh4 27. Qd6
Bc8 28. Rb8 Re4 29. Bf1 Re1 30. g3 Ra1 31. Ra8 Rb1 32. Qd3 Rb2 33. Qh7 Ke7 34.
Qxg7 d6 35. exd6+ Kxd6 36. c5+ Ke7 37. Qg5+ Kd7 38. Qxd8+ Kxd8 39. Ba6 Rxa2 40.
Bxc8 Kc7 41. Ba6 Ra3 42. Ra7+ Kd8 43. Be2 f5 44. Bc4 Rxc3 45. Bxe6 Rxc5 46. Rf7
Ke8 47. Rxf5 Rb5 48. Rxb5 cxb5 49. Bf5 Ke7 50. Bd3 b4 51. Bc2 Ke6 52. h4 Kf6
53. h5 Kg5 54. g4 Kxg4 55. h6 b3 56. Bxb3 Kf4 57. h7 Ke4 58. h8=Q Kf5 59. Qf6+
Kxf6 60. Kg2 Ke5 61. Kg3 Kd4 62. Kg4 Kc3 63. Be6 a4 64. Kh5 a3 65. f4 Kb4 66.
Kg6 Kc3 67. f5 Kb2 68. f6 a2 69. Bxa2 Kxa2 70. f7 Kb2 71. Kf5 Kc2 72. f8=Q Kd3
73. Qc5 Ke2 74. Qc3 Kf2 75. Kf4 Kf1 76. Qc2 Ke1 77. Kg3 Kf1 78. Qd1# {
QueenMaxima checkmated} 1-0

[Event "ICS rated blitz match"]
[Site "204.178.125.65"]
[Date "2000.09.25"]
[Round "?"]
[White "escorp"]
[Black "Hossa"]
[Result "0-1"]
[WhiteElo "2589"]
[BlackElo "2567"]
[PlyCount "194"]
[EventDate "2000.??.??"]

1. e4 e5 2. Nf3 Nc6 3. Bb5 a6 4. Ba4 Nf6 5. O-O Be7 6. Re1 b5 7. Bb3 d6 8. c3
O-O 9. h3 Bb7 10. d4 Re8 11. Nbd2 Bf8 12. Bc2 g6 13. d5 Ne7 14. b3 Bg7 15. Nf1
Nh5 16. a4 Nf4 17. axb5 axb5 18. Rxa8 Qxa8 19. Ne3 Qa2 20. c4 Ba6 21. Nd2 Nc8
22. Kh2 b4 23. Bb1 Qa1 24. Qc2 Qa5 25. g3 Nh5 26. Bb2 Nb6 27. Qd3 Ra8 28. f3
Nd7 29. Qe2 Qb6 30. Qf2 Bh6 31. Kg2 Nc5 32. Kh1 Bc8 33. Kh2 Bd7 34. Kg2 Bg5 35.
h4 Bh6 36. Kh2 Qb8 37. Kh1 Bh3 38. Qh2 Qc8 39. Re2 Qd7 40. Kg1 Ra6 41. Re1 Qc8
42. Qf2 Ra8 43. Re2 Qd8 44. Qh2 Bd7 45. Qg2 Qe7 46. Re1 Qf6 47. Qh2 Qd8 48. Qf2
Bh3 49. Kh2 Qd7 50. Kh1 f5 51. exf5 gxf5 52. f4 exf4 53. gxf4 Nxf4 54. Qg3+ Kf7
55. Rg1 Re8 56. Bd4 Ne2 57. Qxh3 Nxd4 58. Nxf5 Nxf5 59. Bxf5 Qd8 60. Bxh7 Re3
61. Qf5+ Ke7 62. Rf1 Qh8 63. Qf7+ Kd8 64. Bf5 Re7 65. Qh5 Re8 66. Nf3 Nxb3 67.
Ng5 Bxg5 68. Qxg5+ Re7 69. Bh3 Nc5 70. Rf7 Qe8 71. Rxe7 Qxe7 72. Qg8+ Qe8 73.
Qg5+ Qe7 74. Bf5 Qxg5 75. hxg5 b3 76. g6 Ke7 77. Kg2 b2 78. Bb1 Na4 79. Kf2 Nc3
80. Bc2 b1=Q 81. Bxb1 Nxb1 82. Kg2 Kf6 83. g7 Kxg7 84. Kf2 Nd2 85. c5 dxc5 86.
Ke2 Kf6 87. Kxd2 Ke5 88. Ke2 Kxd5 89. Kf2 Kd4 90. Kf3 c4 91. Kg3 c3 92. Kg4 c2
93. Kf3 c1=Q 94. Kg2 Ke3 95. Kg3 Qg1+ 96. Kh3 Kf3 97. Kh4 Qg4# {
escorp checkmated} 0-1

[Event "ICS rated blitz match"]
[Site "204.178.125.65"]
[Date "2000.09.25"]
[Round "?"]
[White "Hossa"]
[Black "escorp"]
[Result "0-1"]
[WhiteElo "2584"]
[BlackElo "2572"]
[PlyCount "70"]
[EventDate "2000.??.??"]

1. e4 Nf6 2. e5 Nd5 3. d4 d6 4. Nf3 Bg4 5. Be2 e6 6. O-O Be7 7. c4 Nb6 8. Nc3
O-O 9. Be3 d5 10. c5 Bxf3 11. Bxf3 Nc4 12. Bf4 f6 13. Bg4 Qd7 14. b3 Nxe5 15.
dxe5 fxe5 16. Bxe5 Bxc5 17. Ne4 Be7 18. Bxc7 Qxc7 19. Bxe6+ Kh8 20. Bxd5 Rd8
21. Qd2 Nc6 22. Ng5 Bxg5 23. Qxg5 Qa5 24. Rfd1 Nb4 25. Qe7 Rxd5 26. Rxd5 Nxd5
27. Qxb7 Re8 28. Kf1 Qc3 29. Rd1 Qc2 30. f4 Qe2+ 31. Kg1 Qe3+ 32. Kf1 Qxf4+ 33.
Kg1 Qe3+ 34. Kh1 Qe1+ 35. Rxe1 Rxe1# {Hossa checkmated} 0-1

[Event "ICS Rated blitz match"]
[Site "204.178.125.65"]
[Date "2000.09.25"]
[Round "?"]
[White "lambChop"]
[Black "Hossa"]
[Result "0-1"]
[WhiteElo "2540"]
[BlackElo "2567"]
[PlyCount "135"]
[EventDate "2000.??.??"]

1. c4 Nf6 2. Nc3 c5 3. Nf3 Nc6 4. e3 e6 5. d4 cxd4 6. exd4 d5 7. c5 Be7 8. Bd3
O-O 9. O-O b6 10. Be3 Bb7 11. Qb3 Qc7 12. Rac1 Rfc8 13. Nb5 Qd7 14. Bf4 Ne4 15.
cxb6 axb6 16. Nc3 Nxc3 17. Rxc3 Nb4 18. Bb1 Ba6 19. Ne5 Qe8 20. Rh3 g6 21. Rc1
Rxc1+ 22. Bxc1 Qb5 23. Qd1 Qe2 24. Qxe2 Bxe2 25. a3 Rc8 26. Rc3 Rxc3 27. bxc3
Na6 28. Nd7 b5 29. f4 Nc7 30. Kf2 Bc4 31. Ne5 Bb3 32. Nc6 Bd6 33. Na5 Ba4 34.
Nb7 Be7 35. Nc5 Na8 36. Nxa4 bxa4 37. Bd3 Nb6 38. g4 Nc4 39. Bxc4 dxc4 40. Kf3
f5 41. g5 Bd6 42. h4 Kf7 43. Kf2 Ke7 44. Kg2 Ke8 45. Kg3 Kd7 46. h5 gxh5 47.
Kh4 Kc6 48. Kxh5 Bf8 49. Kh4 Kd5 50. Kh5 Bg7 51. g6 h6 52. Kh4 Ke4 53. Bd2 Kd3
54. Be1 Ke2 55. Bg3 Kd2 56. Bf2 Kxc3 57. Kg3 Kd3 58. Kf3 c3 59. Bg1 c2 60. Be3
Bxd4 61. Bc1 e5 62. fxe5 Bxe5 63. Be3 h5 64. Bc1 f4 65. Kf2 h4 66. g7 Bxg7 67.
Bxf4 Bb2 68. Bg5 {lambChop resigns} 0-1

[Event "ICS rated blitz match"]
[Site "204.178.125.65"]
[Date "2000.09.25"]
[Round "?"]
[White "Hossa"]
[Black "lambChop"]
[Result "1-0"]
[WhiteElo "2582"]
[BlackElo "2525"]
[PlyCount "150"]
[EventDate "2000.??.??"]

1. e4 c6 2. d4 d5 3. e5 Bf5 4. Bd3 Bxd3 5. Qxd3 e6 6. Nf3 Ne7 7. O-O Nd7 8. Bg5
h6 9. Be3 Nf5 10. Nc3 Nxe3 11. fxe3 Qb6 12. a4 Be7 13. a5 Qc7 14. e4 O-O 15.
exd5 cxd5 16. Nd2 a6 17. Ra4 Kh8 18. Ne2 Bg5 19. Nf3 Be7 20. Nf4 Rac8 21. c3
Qc6 22. Raa1 Qc4 23. Qc2 Rc6 24. Ra4 Qb5 25. Nd2 Bd8 26. Nd3 Be7 27. Raa1 f5
28. Nf4 Kg8 29. Rf3 Rfc8 30. Ng6 Bg5 31. h4 Bd8 32. Nb3 Rc4 33. h5 Rb4 34. Ra3
Bg5 35. g4 fxg4 36. Rg3 Rc7 37. Qd1 Rxb3 38. Rxb3 Qa4 39. Rxg4 Qxa5 40. Qf1 Qa2
41. Rb4 b5 42. Rg3 Qa5 43. Kh2 Qb6 44. Rf3 Qb8 45. Rb3 Rc8 46. Kg1 Rc6 47. Ra3
Qe8 48. Ra1 Qd8 49. Kh1 Qe8 50. Qe2 Qc8 51. Rg1 Qe8 52. Qd1 Rc4 53. Qa1 Rc6 54.
Qa3 Kh7 55. Qa2 Rb6 56. b4 Kg8 57. Rgf1 Rc6 58. Qf2 Kh7 59. Rg3 Kg8 60. Qa2 Qd8
61. Qg2 Rc7 62. Qf3 Qe8 63. Rf2 Rc8 64. Qg4 Rc7 65. Kg1 Kh7 66. Rgf3 Rc6 67.
Rf8 Nxf8 68. Rxf8 Qxf8 69. Nxf8+ Kh8 70. Nxe6 Rxc3 71. Nxg5 Rc1+ 72. Kf2 Rc2+
73. Ke3 hxg5 74. e6 Rc3+ 75. Kd2 Rc7 {lambChop resigns} 1-0